|
|
|
|
| LEADER |
00000nam0a2200000 4500 |
| 001 |
85722 |
| 005 |
20231031101206.0 |
| 010 |
|
|
|a 5345002622
|
| 020 |
|
|
|a RU
|b 89-56771
|
| 035 |
|
|
|a (RuTPU)RU\TPU\book\92098
|
| 090 |
|
|
|a 85722
|
| 100 |
|
|
|a 20051116d1989 m y0rusy5003 ca
|
| 101 |
0 |
|
|a rus
|
| 102 |
|
|
|a BY
|
| 105 |
|
|
|a a z 000zy
|
| 200 |
1 |
|
|a Крючок и фантазия
|e альбом моделей для вязания
|f Э. А. Лисовская
|
| 210 |
|
|
|a Минск
|c Полымя
|d 1989
|
| 215 |
|
|
|a 119,[2] с.
|c ил.
|
| 610 |
1 |
|
|a вязание
|
| 610 |
1 |
|
|a женская одежда
|
| 610 |
1 |
|
|a схемы
|
| 610 |
1 |
|
|a чертежи
|
| 700 |
|
1 |
|a Лисовская
|b Э. А.
|g Эмма Александровна
|
| 801 |
|
0 |
|a RU
|b RuMRKP
|c 19950417
|g psbo
|
| 801 |
|
1 |
|a RU
|b 63413507
|c 20051116
|g PSBO
|
| 801 |
|
2 |
|a RU
|b 63413507
|c 20051230
|g PSBO
|
| 942 |
|
|
|c BK
|